<?xml version="1.0" encoding="UTF-8"?>
<record
    xmlns:xsi="http://www.w3.org/2001/XMLSchema-instance"
    xsi:schemaLocation="http://www.loc.gov/MARC21/slim http://www.loc.gov/standards/marcxml/schema/MARC21slim.xsd"
    xmlns="http://www.loc.gov/MARC21/slim">

  <leader>00490nam a22001457a 4500</leader>
  <controlfield tag="005">20250717133254.0</controlfield>
  <controlfield tag="008">250717b        |||||||| |||| 00| 0 eng d</controlfield>
  <datafield tag="050" ind1=" " ind2=" ">
    <subfield code="a">THE HD 58.7 .K67 2014</subfield>
    <subfield code="b">C. 1</subfield>
  </datafield>
  <datafield tag="100" ind1=" " ind2=" ">
    <subfield code="a">KOROSE, DANIEL T.</subfield>
  </datafield>
  <datafield tag="245" ind1=" " ind2=" ">
    <subfield code="a">AN EVALUATION OF THE EFFECTS OF NON FINANCIAL REWARD SYSTEM ON EMPLOYEES PERFORMANCE SURVEY OF CIVIL SERVICE EMPLOYEE IN NAROK COUNTY</subfield>
  </datafield>
  <datafield tag="260" ind1=" " ind2=" ">
    <subfield code="a">KISII</subfield>
    <subfield code="b">KSU</subfield>
    <subfield code="c">2014</subfield>
  </datafield>
  <datafield tag="300" ind1=" " ind2=" ">
    <subfield code="a">X, 50P.,ILL;</subfield>
  </datafield>
  <datafield tag="500" ind1=" " ind2=" ">
    <subfield code="a">INCLUDES REFERENCES</subfield>
  </datafield>
  <datafield tag="942" ind1=" " ind2=" ">
    <subfield code="2">lcc</subfield>
    <subfield code="c">REF</subfield>
  </datafield>
  <datafield tag="999" ind1=" " ind2=" ">
    <subfield code="c">215924</subfield>
    <subfield code="d">215924</subfield>
  </datafield>
  <datafield tag="952" ind1=" " ind2=" ">
    <subfield code="0">0</subfield>
    <subfield code="1">0</subfield>
    <subfield code="2">lcc</subfield>
    <subfield code="4">0</subfield>
    <subfield code="6">THE H D  00058.00007 .K00067 02014</subfield>
    <subfield code="7">1</subfield>
    <subfield code="8">SC</subfield>
    <subfield code="9">372545</subfield>
    <subfield code="a">KSUL</subfield>
    <subfield code="b">KSUL</subfield>
    <subfield code="c">DISPLAY</subfield>
    <subfield code="d">2025-07-17</subfield>
    <subfield code="i">84744</subfield>
    <subfield code="l">0</subfield>
    <subfield code="o">THE HD 58.7 .K67 2014</subfield>
    <subfield code="p">000000019151</subfield>
    <subfield code="r">2025-07-17 13:35:36</subfield>
    <subfield code="t">C.1</subfield>
    <subfield code="w">2025-07-17</subfield>
    <subfield code="y">REF</subfield>
  </datafield>
</record>
